Revista Desarrollo y Sociedad

Detalles Bibliográficos
Formato: eBook
Lenguaje:español
Publicado: Bogot:̀ Universidad de Los Andes (Colombia), 1997 -
Materias:
Acceso en línea:Acceso restringido

MARC

LEADER 00000nam a22000007a 4500
005 20200304210922.0
007 cr|||| ||||
008 200304c19979999co fr|w s|||| 0|||b1spa d
022 |a 1900-7760 
035 |a 30946 
040 |a vLex 
090 |c 10174  |d 10174 
245 0 0 |a Revista Desarrollo y Sociedad  |h [Recurso electrn̤ico] / 
256 |a Servicio en ln̕ea 
260 |a Bogot:̀  |b Universidad de Los Andes (Colombia),  |c 1997 - 
300 |a 1 recurso electrn̤ico 
310 |a Semestral 
506 1 |a Disponible solo en los productos indicados  |d vLex Global  |d vLex Global (Academic Edition, excluding Law Schools)  |d vLex Global (U.S. Academic Edition, Law Schools)  |d vLex Global (U.S. Academic Edition, excluding Law Schools)  |d vLex Global (Academic Edition, Law Schools) 
650 0 4 |a Economa̕ y negocios  |z Colombia 
650 0 4 |a Ciencias aplicadas  |z Colombia 
740 0 |a vLex Revistas (Servicio en ln̕ea) 
856 4 0 |u http://vlex.com/source/revista-desarrollo-sociedad-30946  |z Acceso restringido 
942 |c REV 
999 0 |a Economy and business 
999 0 |a Applied Sciences